=LDR 00000nam 2200000 4500 =001 INLIS000000000006907 =005 20130612095005 =008 ***********************************Ind** =035 ##$$0010-061300000006907 =041 ##$$a Ind =082 ##$$a 2x4.2 =090 ##$$a 2x4.2, The w =100 ##$$a Art-Thontowa, Syaikh Ali =245 ##$$a Wajah umat dan potret dakwah, Syaik Ali Aththontowi =260 ##$$a 1994 $b Suarabaya =300 ##$$a 56 hlm, 15 cm =650 ##$$a Da'wah Islam